000 00492nam a2200193Ia 4500
003 GCL
008 140319s9999 xx 000 0 eng d
040 _aGCL /
_cGCL
082 0 4 _aCH
_b843
_bS P
100 1 _aSTAHL, P.J
245 1 0 _aLES PATINS D'ARGENT RIGUELLE, DENIS PIROTON ARTHUR /
_cSTAHL, P.J
260 _a[S.N] :
_bHEMMA
300 _a156 P
650 0 4 _aFICTION
650 0 4 _aFRENCH FICTION
650 0 4 _aFRENCH LITERATURE
650 0 4 _aCHILDREN - FICTION
942 _2ddc
_cBK
999 _c14615
_d14615